Financial Sustainability Criteria and Their Testing in the Conditions of the Slovak Non-profit Sector
Stanovenie kľúčových kritérií pre finančnú udržateľnosť neziskových organizácií na Slovensku. Závislosť týchto kritérií a úroveň získavania finančných zdrojov vo vybranej vzorke slovenských neziskových organizácií.
Salvato in:
| Autore principale: | |
|---|---|
| Altri autori: | |
| Natura: | Capitolo di libro |
| Lingua: | inglese |
| Soggetti: | |
| Tags: |
Nessun Tag, puoi essere il primo ad aggiungerne!!
|
MARC
| LEADER | 00000naa a2200000 4500 | ||
|---|---|---|---|
| 001 | 0246475 | ||
| 005 | 20240502083658.3 | ||
| 041 | 0 | |a eng | |
| 044 | |a PL | ||
| 245 | 1 | 0 | |a Financial Sustainability Criteria and Their Testing in the Conditions of the Slovak Non-profit Sector |c Denisa Gajdová, Helena Majdúchová |
| 520 | |a Stanovenie kľúčových kritérií pre finančnú udržateľnosť neziskových organizácií na Slovensku. Závislosť týchto kritérií a úroveň získavania finančných zdrojov vo vybranej vzorke slovenských neziskových organizácií. | ||
| 610 | 2 | 0 | |a organizácie neziskové |
| 610 | 2 | 0 | |a Slovensko |
| 610 | 2 | 0 | |a rozvoj trvalo udržateľný |
| 610 | 2 | 0 | |a financovanie |
| 610 | 2 | 0 | |a stabilita finančná |
| 100 | 1 | |a Gajdová, Denisa, 1977- | |
| 700 | 1 | |a Majdúchová, Helena, 1963- | |